000 00716nam a2200277Ia 4500
005 20250425162041.0
008 250425s9999 xx 000 0 und d
020 _a0853348979
041 _aeng
082 _a664
100 _aLINKO, P.
245 0 _aFOOD PROCESS ENGINEERING: ENZYME ENGINEERING IN FOOD PROCESSING
250 _aS.E.
260 _aLONDON
260 _aReino Unido
_bAPPLIED SCIENCE
_c1980
300 _a316
500 _aConsultar inv.13147 v.2 en BIBTEC
650 _aACTIVIDAD ENZIMATICA
650 _aELABORACION DE ALIMENTOS
650 _aENZIMAS
650 _aENZIMOLOGIA
650 _aINDUSTRIA ALIMENTARIA
700 _aLARINKARI, J.
942 _c01
010 _a43407
999 _c221346
_d221346